[Event "EWIRCC 2019"]
[Site "Monte-Carlo"]
[Date "2019.12.01"]
[Round "9.1"]
[White "Stefanova, Antoaneta"]
[Black "Girya, Olga"]
[Result "0-1"]
[WhiteElo "2481"]
[BlackElo "2476"]
[Annotator "ChessBase"]
[PlyCount "111"]
[EventDate "2019.11.28"]
[EventType "swiss"]
[EventCountry "MNC"]
[SourceTitle "playchess.com"]
[Source "ChessBase"]
[SourceQuality "1"]
[TimeControl "5400+30"]

1. Nf3 {[%emt 1:15:11]} d5 {[%emt 1:15:11]} 2. g3 {[%emt 0:00:22]} c6 {[%emt 0:00:21]} 3. Bg2 {[%emt 0:00:23]} Bg4 {[%emt 0:00:21]} 4. O-O {[%emt 0:00:26]} Nf6 {[%emt 0:00:22]} 5. d3 {[%emt 0:00:23]} Nbd7 {[%emt 0:00:22]} 6. Qe1 {[%emt 0:00:29]} e5 {[%emt 0:00:21]} 7. h3 {[%emt 0:00:30]} Bh5 {[%emt 0:00:23]} 8. e4 {[%emt 0:00:22]} Bc5 {[%emt 0:00:41]} 9. exd5 {[%emt 0:04:04]} Bxf3 {[%emt 0:00:34]} 10. Bxf3 {[%emt 0:00:21]} Nxd5 {[%emt 0:00:22]} 11. a3 {[%emt 0:04:49]} a5 {[%emt 0:02:28]} 12. Nc3 {[%emt 0:01:09]} Nxc3 {[%emt 0:00:25]} 13. Qxc3 {[%emt 0:00:21]} O-O {[%emt 0:00:31]} 14. Be3 {[%emt 0:01:10]} Bxe3 {[%emt 0:02:19]} 15. fxe3 {[%emt 0:00:22]} Qg5 {[%emt 0:00:24]} 16. Kf2 {[%emt 0:00:59]} f5 {[%emt 0:05:42]} 17. Qb3+ {[%emt 0:02:00]} Kh8 {[%emt 0:00:21]} 18. Qxb7 {[%emt 0:00:42]} Nf6 {[%emt 0:01:30]} 19. Qxc6 {[%emt 0:02:18]} e4 {[%emt 0:01:16]} 20. Be2 {[%emt 0:01:15]} Rac8 {[%emt 0:01:06]} 21. Qa4 {[%emt 0:00:24]} Nd5 {[%emt 0:01:15]} 22. Qd4 {[%emt 0:00:32]} Rfd8 {[%emt 0:00:37]} 23. h4 {[%emt 0:01:47]} Qh6 {[%emt 0:00:38]} 24. Rac1 {[%emt 0:00:34]} Nb4 {[%emt 0:01:32]} 25. Qa7 {[%emt 0:01:10]} Nxc2 {[%emt 0:00:59]} 26. Rfd1 {[%emt 0:00:36]} Rf8 {[%emt 0:01:33]} 27. Rd2 {[%emt 0:00:32]} exd3 {[%emt 0:01:33]} 28. Rxd3 {[%emt 0:00:36]} f4 {[%emt 0:00:33]} 29. exf4 {[%emt 0:00:25]} Rxf4+ {[%emt 0:00:27]} 30. Kg2 {[%emt 0:00:36]} Rff8 {[%emt 0:00:32]} 31. Rcd1 {[%emt 0:00:29]} Rce8 {[%emt 0:00:30]} 32. Bg4 {[%emt 0:00:31]} Ne3+ {[%emt 0:00:30]} 33. Rxe3 {[%emt 0:00:21]} Rxe3 {[%emt 0:00:23]} 34. Qxa5 {[%emt 0:00:29]} Qg6 {[%emt 0:00:36]} 35. Qg5 {[%emt 0:00:35]} Qe4+ {[%emt 0:00:23]} 36. Kh3 {[%emt 0:00:25]} Re1 {[%emt 0:00:41]} 37. Rxe1 {[%emt 0:00:22]} Qxe1 {[%emt 0:00:21]} 38. Qd5 {[%emt 0:00:25]} Qf1+ {[%emt 0:00:36]} 39. Qg2 {[%emt 0:00:22]} Qc4 {[%emt 0:00:21]} 40. Bf3 {[%emt 0:00:40]} Qd3 {[%emt 0:00:30]} 41. Be4 {[%emt 0:00:35]} Qd7+ {[%emt 0:00:21]} 42. g4 {[%emt 0:00:37]} Qd4 {[%emt 0:00:40]} 43. h5 {[%emt 0:00:38]} Rf2 {[%emt 0:00:33]} 44. Qg3 {[%emt 0:00:25]} Rxb2 {[%emt 0:00:38]} 45. Qf4 {[%emt 0:00:35]} Rb3+ {[%emt 0:00:31]} 46. Kh4 {[%emt 0:00:27]} Qd8+ {[%emt 0:00:23]} 47. g5 {[%emt 0:00:23]} Rxa3 {[%emt 0:00:36]} 48. h6 {[%emt 0:00:37]} Ra5 {[%emt 0:00:28]} 49. hxg7+ {[%emt 0:00:31]} Kxg7 {[%emt 0:00:21]} 50. Kg4 {[%emt 0:00:27]} Qe7 {[%emt 0:00:32]} 51. Bf5 {[%emt 0:00:32]} Rd5 {[%emt 0:00:41]} 52. Qc4 {[%emt 0:00:32]} Qd8 {[%emt 0:00:28]} 53. Qc3+ {[%emt 0:00:26]} Rd4+ {[%emt 0:00:21]} 54. Kh3 {[%emt 0:00:29]} Qd6 {[%emt 0:00:28]} 55. Qb2 {[%emt 0:00:35]} Qd5 {[%emt 0:00:35]} 56. Bb1 {[%emt 0:00:44]} 0-1

[Event "EWIRCC 2019"]
[Site "Monte-Carlo"]
[Date "2019.12.01"]
[Round "9.2"]
[White "Rogule, Laura"]
[Black "Kosteniuk, Alexandra"]
[Result "0-1"]
[WhiteElo "2293"]
[BlackElo "2483"]
[Annotator "ChessBase"]
[PlyCount "58"]
[EventDate "2019.11.28"]
[EventType "swiss"]
[EventCountry "MNC"]
[SourceTitle "playchess.com"]
[Source "ChessBase"]
[SourceQuality "1"]
[TimeControl "5400+30"]

1. c4 {[%emt 1:15:11]} Nf6 {[%emt 1:15:11]} 2. Nf3 {[%emt 0:00:28]} b6 {[%emt 0:00:21]} 3. d4 {[%emt 0:01:20]} e6 {[%emt 0:00:23]} 4. g3 {[%emt 0:00:25]} Bb7 {[%emt 0:00:21]} 5. Bg2 {[%emt 0:00:22]} Be7 {[%emt 0:00:22]} 6. O-O {[%emt 0:00:23]} O-O {[%emt 0:00:21]} 7. Re1 {[%emt 0:00:25]} d5 {[%emt 0:00:21]} 8. cxd5 {[%emt 0:01:53]} exd5 {[%emt 0:00:21]} 9. Bf4 {[%emt 0:03:57]} c5 {[%emt 0:00:26]} 10. Ne5 {[%emt 0:01:13]} Nbd7 {[%emt 0:00:39]} 11. Nc3 {[%emt 0:01:14]} cxd4 {[%emt 0:01:13]} 12. Qxd4 {[%emt 0:03:26]} Nc5 {[%emt 0:01:19]} 13. Rad1 {[%emt 0:01:02]} Nce4 {[%emt 0:01:31]} 14. Nxe4 {[%emt 0:01:17]} Nxe4 {[%emt 0:01:29]} 15. Bxe4 {[%emt 0:01:33]} dxe4 {[%emt 0:00:22]} 16. Qd7 {[%emt 0:01:10]} Qxd7 {[%emt 0:02:24]} 17. Rxd7 {[%emt 0:00:28]} Bb4 {[%emt 0:00:21]} 18. Rc1 {[%emt 0:00:56]} Bc8 {[%emt 0:01:09]} 19. Rd4 {[%emt 0:00:40]} Bc5 {[%emt 0:00:21]} 20. Rxe4 {[%emt 0:00:24]} Re8 {[%emt 0:04:17]} 21. Ra4 {[%emt 0:00:46]} g5 {[%emt 0:00:36]} 22. Nd3 {[%emt 0:01:14]} gxf4 {[%emt 0:00:46]} 23. Nxf4 {[%emt 0:01:10]} Bb7 {[%emt 0:00:33]} 24. e3 {[%emt 0:00:42]} Rxe3 {[%emt 0:00:33]} 25. Nh5 {[%emt 0:00:30]} Re2 {[%emt 0:00:47]} 26. Rf1 {[%emt 0:00:31]} Rd8 {[%emt 0:01:00]} 27. Rg4+ {[%emt 0:00:30]} Kf8 {[%emt 0:00:24]} 28. Nf6 {[%emt 0:00:24]} Bxf2+ {[%emt 0:00:27]} 29. Rxf2 {[%emt 0:00:28]} Rd1+ {[%emt 0:00:21]} 0-1

[Event "EWIRCC 2019"]
[Site "Monte-Carlo"]
[Date "2019.12.01"]
[Round "9.3"]
[White "Batsiashvili, Nino"]
[Black "Cramling, Pia"]
[Result "1/2-1/2"]
[WhiteElo "2422"]
[BlackElo "2443"]
[Annotator "NA"]
[PlyCount "82"]
[EventDate "2019.11.28"]
[EventType "swiss"]
[EventCountry "MNC"]
[SourceTitle "playchess.com"]
[Source "ChessBase"]
[SourceQuality "1"]
[TimeControl "5400+30"]

1. c4 {[%emt 1:15:11]} e6 {[%emt 1:15:25]} 2. Nf3 {[%emt 0:00:48]} d5 {[%emt 0:01:03]} 3. e3 {[%emt 0:00:22]} Nf6 {[%emt 0:00:22]} 4. Nc3 {[%emt 0:00:21]} b6 {[%emt 0:00:37]} 5. b3 {[%emt 0:00:54]} Bb7 {[%emt 0:00:22]} 6. Bb2 {[%emt 0:00:21]} Nbd7 $11 {[%emt 0:00:44]} 7. cxd5 {[%emt 0:01:01]} exd5 {[%emt 0:00:24]} 8. d4 {[%emt 0:00:54]} a6 {[%emt 0:00:30]} 9. g3 {[%emt 0:00:31]} Bd6 {[%emt 0:00:32]} 10. Bg2 {[%emt 0:00:22]} O-O {[%emt 0:00:24]} 11. O-O {[%emt 0:00:24]} Qe7 {[%emt 0:00:39]} 12. Nh4 {[%emt 0:01:17]} Qe6 {[%emt 0:00:56]} 13. Qd3 {[%emt 0:00:45]} Rfe8 {[%emt 0:00:45]} 14. Ne2 {[%emt 0:01:09]} a5 {[%emt 0:01:17]} 15. Rfe1 {[%emt 0:00:41]} g6 {[%emt 0:02:11]} 16. Nc3 {[%emt 0:01:06]} Ne4 {[%emt 0:01:46]} 17. Nf3 {[%emt 0:01:15]} Qe7 {[%emt 0:02:14]} 18. Qc2 {[%emt 0:00:36]} Nxc3 {[%emt 0:01:10]} 19. Bxc3 {[%emt 0:00:21]} Rec8 {[%emt 0:00:51]} 20. Rad1 {[%emt 0:01:07]} Re8 {[%emt 0:00:30]} 21. Nd2 {[%emt 0:01:21]} f5 {[%emt 0:00:43]} 22. Nc4 {[%emt 0:01:01]} Bb4 {[%emt 0:00:22]} 23. f4 {[%emt 0:01:33]} Nf6 {[%emt 0:02:45]} 24. Ne5 {[%emt 0:00:25]} Ne4 {[%emt 0:00:27]} 25. Bxb4 {[%emt 0:01:14]} axb4 {[%emt 0:00:26]} 26. Bxe4 {[%emt 0:00:26]} fxe4 {[%emt 0:00:25]} 27. g4 {[%emt 0:00:23]} c5 {[%emt 0:02:01]} 28. Qg2 {[%emt 0:00:38]} Rec8 {[%emt 0:00:36]} 29. Kh1 {[%emt 0:01:51]} cxd4 {[%emt 0:00:32]} 30. Rxd4 {[%emt 0:00:37]} Qh4 {[%emt 0:00:55]} 31. Red1 {[%emt 0:00:42]} Rc3 {[%emt 0:00:24]} 32. g5 {[%emt 0:01:19]} Rxe3 {[%emt 0:00:36]} 33. Qd2 {[%emt 0:01:20]} Qxf4 {[%emt 0:01:26]} 34. Rxd5 {[%emt 0:00:21]} Re1+ {[%emt 0:01:12]} 35. Qxe1 {[%emt 0:00:50]} e3 {[%emt 0:00:24]} 36. Kg1 {[%emt 0:00:50]} Bxd5 {[%emt 0:00:45]} 37. Rxd5 {[%emt 0:00:22]} Rxa2 {[%emt 0:00:42]} 38. Rd8+ {[%emt 0:00:50]} Kg7 {[%emt 0:00:21]} 39. Rd7+ {[%emt 0:00:21]} Kg8 {[%emt 0:00:22]} 40. Rd8+ {[%emt 0:01:01]} Kg7 {[%emt 0:00:21]} 41. Rd7+ {[%emt 0:00:21]} Kg8 {[%emt 0:00:21]} 1/2-1/2

[Event "EWIRCC 2019"]
[Site "Monte-Carlo"]
[Date "2019.12.01"]
[Round "9.4"]
[White "Bodnaruk, Anastasia"]
[Black "Zhukova, Natalia"]
[Result "1/2-1/2"]
[WhiteElo "2412"]
[BlackElo "2323"]
[Annotator "ChessBase"]
[PlyCount "72"]
[EventDate "2019.11.28"]
[EventType "swiss"]
[EventCountry "MNC"]
[SourceTitle "playchess.com"]
[Source "ChessBase"]
[SourceQuality "1"]
[TimeControl "5400+30"]

1. e4 {[%emt 1:15:11]} e5 {[%emt 1:15:11]} 2. Nf3 {[%emt 0:00:21]} Nc6 {[%emt 0:00:22]} 3. Bc4 {[%emt 0:00:22]} Nf6 {[%emt 0:00:24]} 4. d3 {[%emt 0:00:21]} Bc5 {[%emt 0:00:25]} 5. Bg5 {[%emt 0:00:48]} h6 {[%emt 0:00:53]} 6. Bh4 {[%emt 0:00:23]} Be7 {[%emt 0:01:28]} 7. c3 {[%emt 0:02:16]} O-O {[%emt 0:00:32]} 8. O-O {[%emt 0:00:33]} d6 {[%emt 0:01:04]} 9. a4 {[%emt 0:00:23]} Nh5 {[%emt 0:00:42]} 10. Bg3 {[%emt 0:01:06]} Nxg3 {[%emt 0:00:47]} 11. fxg3 {[%emt 0:00:45]} Na5 {[%emt 0:02:09]} 12. Bd5 {[%emt 0:00:45]} c6 {[%emt 0:00:30]} 13. Ba2 {[%emt 0:00:22]} c5 {[%emt 0:05:33]} 14. Rf2 {[%emt 0:02:12]} Kh8 {[%emt 0:00:55]} 15. Nbd2 {[%emt 0:01:16]} f5 {[%emt 0:00:22]} 16. Bd5 {[%emt 0:00:25]} f4 {[%emt 0:00:39]} 17. gxf4 {[%emt 0:00:47]} Rxf4 {[%emt 0:00:21]} 18. Nf1 {[%emt 0:00:58]} Nc6 {[%emt 0:00:49]} 19. Ne3 {[%emt 0:00:42]} Bd7 {[%emt 0:00:32]} 20. Ba2 {[%emt 0:01:14]} Rf8 {[%emt 0:00:40]} 21. Qe2 {[%emt 0:00:43]} Qe8 {[%emt 0:02:19]} 22. Raf1 {[%emt 0:01:52]} Qh5 {[%emt 0:00:23]} 23. Nd5 {[%emt 0:01:04]} Bg4 {[%emt 0:01:02]} 24. h3 {[%emt 0:01:19]} Bxf3 {[%emt 0:00:23]} 25. Rxf3 {[%emt 0:00:21]} Rxf3 {[%emt 0:01:07]} 26. Rxf3 {[%emt 0:02:24]} Kh7 {[%emt 0:02:37]} 27. Qf1 {[%emt 0:00:22]} Bg5 {[%emt 0:00:46]} 28. Rf7 {[%emt 0:00:47]} Qh4 {[%emt 0:00:47]} 29. Rxb7 {[%emt 0:03:00]} Ne7 {[%emt 0:00:21]} 30. Nxe7 {[%emt 0:01:27]} Bxe7 {[%emt 0:00:26]} 31. Qf7 {[%emt 0:00:28]} Rf8 {[%emt 0:00:39]} 32. Qxe7 {[%emt 0:00:29]} Qf2+ {[%emt 0:00:21]} 33. Kh1 {[%emt 0:00:46]} Qf1+ {[%emt 0:00:33]} 34. Kh2 {[%emt 0:00:21]} Qf4+ {[%emt 0:00:21]} 35. Kh1 {[%emt 0:00:36]} Qf1+ {[%emt 0:00:27]} 36. Kh2 {[%emt 0:00:20]} Qf4+ {[%emt 0:00:22]} 1/2-1/2

[Event "EWIRCC 2019"]
[Site "Monte-Carlo"]
[Date "2019.12.01"]
[Round "9.5"]
[White "Muzychuk, Anna"]
[Black "Berend, Elvira"]
[Result "1-0"]
[WhiteElo "2543"]
[BlackElo "2349"]
[Annotator "ChessBase"]
[PlyCount "99"]
[EventDate "2019.11.28"]
[EventType "swiss"]
[EventCountry "MNC"]
[SourceTitle "playchess.com"]
[Source "ChessBase"]
[SourceQuality "1"]
[TimeControl "5400+30"]

1. f4 {[%emt 1:15:11]} d5 {[%emt 1:15:23]} 2. Nf3 {[%emt 0:00:21]} Nf6 {[%emt 0:00:22]} 3. g3 {[%emt 0:00:21]} g6 {[%emt 0:00:42]} 4. Bg2 {[%emt 0:00:21]} Bg7 {[%emt 0:00:21]} 5. O-O {[%emt 0:00:21]} c6 {[%emt 0:00:23]} 6. e3 {[%emt 0:00:29]} Bg4 {[%emt 0:00:31]} 7. d3 {[%emt 0:00:27]} Bxf3 {[%emt 0:00:26]} 8. Qxf3 {[%emt 0:00:23]} O-O {[%emt 0:00:25]} 9. e4 {[%emt 0:00:32]} e6 {[%emt 0:02:17]} 10. Nc3 {[%emt 0:01:50]} Na6 {[%emt 0:00:36]} 11. Kh1 {[%emt 0:00:43]} Qb6 {[%emt 0:03:39]} 12. a3 {[%emt 0:01:23]} Nd7 {[%emt 0:00:48]} 13. e5 {[%emt 0:01:22]} c5 {[%emt 0:01:10]} 14. Nd1 {[%emt 0:00:32]} Nc7 {[%emt 0:00:53]} 15. Ne3 {[%emt 0:01:11]} f5 {[%emt 0:00:39]} 16. exf6 {[%emt 0:00:56]} Nxf6 {[%emt 0:00:35]} 17. Rb1 {[%emt 0:00:40]} Rae8 {[%emt 0:00:49]} 18. c4 {[%emt 0:01:02]} Qb3 {[%emt 0:00:40]} 19. Qd1 {[%emt 0:01:25]} Qxd1 {[%emt 0:00:22]} 20. Rxd1 {[%emt 0:00:21]} b6 {[%emt 0:01:09]} 21. b4 {[%emt 0:00:48]} cxb4 {[%emt 0:01:54]} 22. axb4 {[%emt 0:00:22]} Rd8 {[%emt 0:00:31]} 23. Ba3 {[%emt 0:01:32]} d4 {[%emt 0:00:41]} 24. Nf1 {[%emt 0:00:33]} Ng4 {[%emt 0:01:03]} 25. Kg1 {[%emt 0:00:39]} Ne3 {[%emt 0:00:42]} 26. Rdc1 {[%emt 0:03:27]} Nxg2 {[%emt 0:01:01]} 27. Kxg2 {[%emt 0:00:24]} e5 {[%emt 0:00:29]} 28. b5 {[%emt 0:00:32]} Rfe8 {[%emt 0:00:26]} 29. fxe5 {[%emt 0:00:33]} Rxe5 {[%emt 0:00:59]} 30. Re1 {[%emt 0:00:23]} Rxe1 {[%emt 0:00:56]} 31. Rxe1 {[%emt 0:00:21]} Bf8 {[%emt 0:00:21]} 32. Ra1 {[%emt 0:01:05]} Bxa3 {[%emt 0:00:34]} 33. Rxa3 {[%emt 0:00:21]} Ra8 {[%emt 0:00:42]} 34. Nd2 {[%emt 0:00:31]} a6 {[%emt 0:00:22]} 35. Nb3 {[%emt 0:01:05]} axb5 {[%emt 0:04:39]} 36. Rxa8+ Nxa8 {[%emt 0:00:00]} 37. cxb5 {[%emt 0:00:45]} Nc7 {[%emt 0:00:00]} 38. Nxd4 {[%emt 0:00:24]} Kf7 {[%emt 0:00:00]} 39. Kf3 {[%emt 0:00:23]} Ke7 {[%emt 0:00:00]} 40. Ke4 {[%emt 0:00:42]} Kd6 {[%emt 0:00:00]} 41. g4 {[%emt 0:00:27]} Nd5 {[%emt 0:00:00]} 42. Ne2 {[%emt 0:02:58]} Nc7 {[%emt 0:00:21]} 43. Nc3 {[%emt 0:00:33]} Kc5 {[%emt 0:00:26]} 44. Ke5 {[%emt 0:01:26]} Kb4 {[%emt 0:02:18]} 45. Nd5+ {[%emt 0:00:35]} Nxd5 {[%emt 0:00:22]} 46. Kxd5 {[%emt 0:00:21]} Kxb5 {[%emt 0:00:21]} 47. d4 {[%emt 0:00:21]} g5 {[%emt 0:01:52]} 48. Ke6 {[%emt 0:00:37]} Kc6 {[%emt 0:00:31]} 49. d5+ {[%emt 0:00:22]} Kc7 {[%emt 0:00:21]} 50. Ke7 {[%emt 0:00:21]} 1-0

[Event "EWIRCC 2019"]
[Site "Monte-Carlo"]
[Date "2019.12.01"]
[Round "9.6"]
[White "Muzychuk, Mariya"]
[Black "Guichard, Pauline"]
[Result "1-0"]
[WhiteElo "2552"]
[BlackElo "2407"]
[Annotator "ChessBase"]
[PlyCount "107"]
[EventDate "2019.11.28"]
[EventType "swiss"]
[EventCountry "MNC"]
[SourceTitle "playchess.com"]
[Source "ChessBase"]
[SourceQuality "1"]
[TimeControl "5400+30"]

1. e4 {[%emt 1:15:11]} e5 {[%emt 1:15:11]} 2. Nf3 {[%emt 0:00:21]} Nc6 {[%emt 0:00:22]} 3. d4 {[%emt 0:00:22]} exd4 {[%emt 0:00:23]} 4. Nxd4 {[%emt 0:00:21]} Nf6 {[%emt 0:00:29]} 5. Nxc6 {[%emt 0:00:21]} bxc6 {[%emt 0:00:22]} 6. e5 {[%emt 0:00:20]} Qe7 {[%emt 0:00:22]} 7. Qe2 {[%emt 0:00:21]} Nd5 {[%emt 0:00:27]} 8. c4 {[%emt 0:00:21]} Nb6 {[%emt 0:00:26]} 9. Nc3 {[%emt 0:00:21]} Ba6 {[%emt 0:00:49]} 10. b3 {[%emt 0:00:45]} Qe6 {[%emt 0:01:24]} 11. Qe4 {[%emt 0:01:05]} Bb4 {[%emt 0:00:51]} 12. Bd2 {[%emt 0:00:21]} Bxc3 {[%emt 0:01:41]} 13. Bxc3 {[%emt 0:00:21]} d5 {[%emt 0:00:27]} 14. Qh4 {[%emt 0:00:21]} dxc4 {[%emt 0:01:14]} 15. Be2 {[%emt 0:00:21]} O-O {[%emt 0:02:13]} 16. O-O {[%emt 0:00:22]} Nd5 {[%emt 0:02:55]} 17. Bxc4 {[%emt 0:00:33]} Bxc4 {[%emt 0:00:22]} 18. Qxc4 {[%emt 0:00:22]} Nxc3 {[%emt 0:00:31]} 19. Qxc3 {[%emt 0:00:21]} Rfe8 {[%emt 0:00:21]} 20. Rfe1 {[%emt 0:01:10]} Rad8 {[%emt 0:00:22]} 21. Rac1 {[%emt 0:00:25]} Rd5 {[%emt 0:00:39]} 22. Qxc6 {[%emt 0:01:10]} Rxe5 {[%emt 0:00:24]} 23. Rxe5 {[%emt 0:00:35]} Qxe5 {[%emt 0:00:24]} 24. g3 {[%emt 0:00:28]} Rd8 {[%emt 0:01:22]} 25. Kg2 {[%emt 0:01:03]} h5 {[%emt 0:01:35]} 26. h4 {[%emt 0:03:54]} Rd2 {[%emt 0:02:23]} 27. Qa8+ {[%emt 0:03:03]} Kh7 {[%emt 0:00:21]} 28. Qxa7 {[%emt 0:01:16]} Qd5+ {[%emt 0:01:02]} 29. Kg1 {[%emt 0:00:41]} c5 {[%emt 0:00:21]} 30. Qe7 {[%emt 0:01:13]} g6 {[%emt 0:02:41]} 31. Qg5 {[%emt 0:01:21]} Qd4 {[%emt 0:02:03]} 32. Qxc5 {[%emt 0:00:55]} Qxc5 {[%emt 0:00:22]} 33. Rxc5 {[%emt 0:00:21]} Rxa2 {[%emt 0:00:22]} 34. Rc7 {[%emt 0:00:24]} Kg7 {[%emt 0:00:34]} 35. Kg2 {[%emt 0:00:21]} Rb2 {[%emt 0:00:45]} 36. Rb7 {[%emt 0:00:21]} Kf6 {[%emt 0:00:21]} 37. Kf3 {[%emt 0:00:21]} Ke6 {[%emt 0:00:27]} 38. Ke3 {[%emt 0:00:43]} f6 {[%emt 0:00:21]} 39. Rb6+ {[%emt 0:00:51]} Kf5 {[%emt 0:00:37]} 40. Rb5+ {[%emt 0:00:31]} Ke6 {[%emt 0:00:21]} 41. b4 {[%emt 0:01:24]} Kd6 {[%emt 0:01:02]} 42. Rb8 {[%emt 0:00:28]} Ke5 {[%emt 0:00:41]} 43. b5 {[%emt 0:00:42]} Rb3+ {[%emt 0:00:42]} 44. Ke2 {[%emt 0:00:21]} Rb2+ {[%emt 0:00:21]} 45. Kf3 {[%emt 0:00:21]} Rb3+ {[%emt 0:00:23]} 46. Kg2 {[%emt 0:00:21]} g5 {[%emt 0:00:57]} 47. hxg5 {[%emt 0:00:48]} fxg5 {[%emt 0:00:21]} 48. b6 {[%emt 0:00:21]} Kf6 {[%emt 0:00:32]} 49. b7 {[%emt 0:02:12]} Kg7 {[%emt 0:00:21]} 50. f4 {[%emt 0:00:21]} h4 {[%emt 0:00:42]} 51. f5 {[%emt 0:00:38]} Rb2+ {[%emt 0:00:39]} 52. Kh3 {[%emt 0:00:34]} Rb3 {[%emt 0:00:30]} 53. f6+ {[%emt 0:00:27]} Kf7 {[%emt 0:00:23]} 54. Rh8 {[%emt 0:00:25]} 1-0

[Event "EWIRCC 2019"]
[Site "Monte-Carlo"]
[Date "2019.12.01"]
[Round "9.7"]
[White "Mkrtchian, Lilit"]
[Black "Paehtz, Elisabeth"]
[Result "0-1"]
[WhiteElo "2402"]
[BlackElo "2484"]
[Annotator "ChessBase"]
[PlyCount "132"]
[EventDate "2019.11.28"]
[EventType "swiss"]
[EventCountry "MNC"]
[SourceTitle "playchess.com"]
[Source "ChessBase"]
[SourceQuality "1"]
[TimeControl "5400+30"]

1. c4 {[%emt 1:15:13]} b6 {[%emt 1:15:11]} 2. Nc3 {[%emt 0:00:24]} Bb7 {[%emt 0:00:21]} 3. e4 {[%emt 0:00:27]} e6 {[%emt 0:00:22]} 4. Nge2 {[%emt 0:01:34]} Nf6 {[%emt 0:01:51]} 5. e5 {[%emt 0:01:29]} Ne4 {[%emt 0:01:45]} 6. Nxe4 {[%emt 0:00:43]} Bxe4 {[%emt 0:00:21]} 7. Nc3 {[%emt 0:00:22]} Bb7 {[%emt 0:00:32]} 8. d4 {[%emt 0:01:04]} d6 {[%emt 0:00:42]} 9. exd6 {[%emt 0:05:08]} Bxd6 {[%emt 0:00:22]} 10. Be3 {[%emt 0:00:31]} Nd7 {[%emt 0:00:51]} 11. Qc2 {[%emt 0:00:49]} Nf6 {[%emt 0:01:00]} 12. f3 {[%emt 0:00:37]} O-O {[%emt 0:01:19]} 13. O-O-O {[%emt 0:00:23]} Qe7 {[%emt 0:00:39]} 14. Nb5 {[%emt 0:03:34]} a6 {[%emt 0:00:58]} 15. Nxd6 {[%emt 0:00:26]} cxd6 {[%emt 0:00:21]} 16. Bg5 {[%emt 0:00:42]} Rfc8 {[%emt 0:00:31]} 17. Kb1 {[%emt 0:00:31]} b5 {[%emt 0:00:28]} 18. Qb3 {[%emt 0:00:59]} Rab8 {[%emt 0:00:50]} 19. cxb5 {[%emt 0:00:52]} Bd5 {[%emt 0:00:22]} 20. Qb4 {[%emt 0:00:39]} axb5 {[%emt 0:00:37]} 21. a3 {[%emt 0:00:27]} h6 {[%emt 0:00:43]} 22. Bh4 {[%emt 0:00:35]} Bc4 {[%emt 0:00:34]} 23. Bd3 {[%emt 0:00:36]} Rc6 {[%emt 0:02:04]} 24. Bxf6 {[%emt 0:02:15]} Bxd3+ {[%emt 0:00:34]} 25. Rxd3 {[%emt 0:00:21]} Qxf6 {[%emt 0:00:21]} 26. Ka1 {[%emt 0:00:42]} Qf5 {[%emt 0:01:29]} 27. Rb3 {[%emt 0:01:02]} Qd5 {[%emt 0:00:29]} 28. Rd1 {[%emt 0:00:32]} Rc4 {[%emt 0:00:28]} 29. Qd2 {[%emt 0:00:33]} Rbc8 {[%emt 0:00:48]} 30. Qd3 {[%emt 0:00:39]} g6 {[%emt 0:02:09]} 31. Qe4 {[%emt 0:00:26]} Rc1+ {[%emt 0:02:12]} 32. Rxc1 {[%emt 0:00:20]} Rxc1+ {[%emt 0:00:21]} 33. Ka2 {[%emt 0:00:21]} Qc4 {[%emt 0:00:21]} 34. Qd3 {[%emt 0:01:17]} Qd5 {[%emt 0:02:35]} 35. Qxb5 {[%emt 0:00:25]} Qxd4 {[%emt 0:00:22]} 36. Qe2 {[%emt 0:00:41]} Kg7 {[%emt 0:00:46]} 37. Qd3 {[%emt 0:00:36]} Qg1 {[%emt 0:00:46]} 38. Rb7 {[%emt 0:00:21]} Ra1+ {[%emt 0:00:24]} 39. Kb3 {[%emt 0:00:21]} Rd1 {[%emt 0:01:29]} 40. Qc3+ {[%emt 0:00:23]} e5 {[%emt 0:00:30]} 41. Qc7 {[%emt 0:00:41]} Qe3+ {[%emt 0:00:29]} 42. Ka2 {[%emt 0:00:21]} Qf4 {[%emt 0:00:21]} 43. Rb8 {[%emt 0:00:36]} Qf5 {[%emt 0:00:41]} 44. Qc8 {[%emt 0:00:47]} Qb1+ {[%emt 0:00:42]} 45. Kb3 {[%emt 0:00:21]} Qd3+ {[%emt 0:01:00]} 46. Ka4 {[%emt 0:00:23]} Qd4+ {[%emt 0:00:24]} 47. b4 {[%emt 0:00:32]} Kf6 {[%emt 0:00:50]} 48. g4 {[%emt 0:00:47]} Kg5 {[%emt 0:00:22]} 49. Rb7 {[%emt 0:00:28]} Qd5 {[%emt 0:00:30]} 50. Rb5 {[%emt 0:00:30]} Qxf3 {[%emt 0:00:29]} 51. Qd8+ {[%emt 0:00:33]} Kxg4 {[%emt 0:00:26]} 52. Rb6 {[%emt 0:00:28]} Rd3 {[%emt 0:00:30]} 53. Qd7+ {[%emt 0:00:23]} Kh5 {[%emt 0:00:25]} 54. Rxd6 {[%emt 0:00:37]} Rxa3+ {[%emt 0:00:41]} 55. Kb5 {[%emt 0:00:21]} Qe2+ {[%emt 0:00:26]} 56. Kc5 {[%emt 0:00:26]} Qe3+ {[%emt 0:00:28]} 57. Kb5 {[%emt 0:00:23]} Ra7 {[%emt 0:00:31]} 58. Qc6 {[%emt 0:00:31]} Qe2+ {[%emt 0:00:26]} 59. Kc5 {[%emt 0:00:25]} Qc2+ {[%emt 0:00:25]} 60. Kb6 {[%emt 0:00:22]} Qxc6+ {[%emt 0:00:24]} 61. Rxc6 {[%emt 0:00:24]} Re7 {[%emt 0:00:22]} 62. b5 {[%emt 0:01:01]} e4 {[%emt 0:00:21]} 63. Rc1 {[%emt 0:00:35]} f5 {[%emt 0:00:23]} 64. Kc6 {[%emt 0:00:22]} e3 {[%emt 0:00:33]} 65. b6 {[%emt 0:00:22]} f4 {[%emt 0:00:24]} 66. b7 {[%emt 0:00:46]} Rxb7 {[%emt 0:00:33]} 0-1